00473nam a2200193Ia 4500003000900000008004100009040001300050040001300063041000800076100002500084245008100109250001100190260002200201260000900223300001100232300001200243490001700255490000700272IT-RoPAU120407s9999 xx 000 0 und d aIT-RoPAU cIT-RoPAU aita aRaymond A. Moody jr. aLa vita oltre la vita. Studi e rivelazioni sul fenomeno della sopravvivenza. aMilano aMondadori Arnoldo c1989 a139 p. c18,5 cm aOscar Arcana v14